000 00776nam a2200217 a 4500
008 120416s1996 ||||||||||||||||| || u
020 _a053885412X
050 _aHD 70.U5 Cha
100 _aMcCraw, Thomas K
245 1 0 _aManagement
246 _apast and present
260 _aCincinnati, Ohio :
_bSouth-West College Publishing
_c1996
300 _a1 v. (various pagings) : ill.
350 _a0.00
500 _aIncludes bibliographical references.
650 0 _aMANAGEMENT
650 _aINDUSTRIAL MANAGEMENT--UNITED STATES--HISTORY
700 _aChandler, Alfred Dupont
700 _aTedlow, Richard S
995 _D0.00
_FCBU-MAIN LIBRARY (Kitwe)
_H1
_I27.95
_M1
_UAVAILABLE
_ZMain Library Open Access Collection
999 _c49838
_d49838